Govt. of
Madhya Pradesh

मध्‍यप्रदेश लोक सेवाओं के प्रदान की गारंटी अधिनिय, 2010 (Record no. 48584)

MARC details
000 -LEADER
fixed length control field 006850000a22001810004500
003 - CONTROL NUMBER IDENTIFIER
control field MACL
005 - DATE AND TIME OF LATEST TRANSACTION
control field 20160731150747.0
008 - FIXED-LENGTH DATA ELEMENTS--GENERAL INFORMATION
fixed length control field 160731b xxu||||| |||| 00| 0 eng d
040 ## - CATALOGING SOURCE
Original cataloging agency MACL
Transcribing agency MACL
041 ## - LANGUAGE CODE
Language code of text/sound track or separate title Hindi
082 ## - DEWEY DECIMAL CLASSIFICATION NUMBER
Classification number 340
100 ## - MAIN ENTRY--PERSONAL NAME
Personal name बांगिया, जयदेव
9 (RLIN) 65892
245 ## - TITLE STATEMENT
Title मध्‍यप्रदेश लोक सेवाओं के प्रदान की गारंटी अधिनिय, 2010
Remainder of title क्रमांक 24 सऩ 2010
Statement of responsibility, etc. जयदेव बांगिया
260 ## - PUBLICATION, DISTRIBUTION, ETC. (IMPRINT)
Place of publication, distribution, etc. भोपाल
Name of publisher, distributor, etc. सुविधा लॉ हाउस
Date of publication, distribution, etc. 2010
350 ## - PRICE (NR) (BK AM CF MU VM SE) [OBSOLETE]
Price 35
650 ## - SUBJECT ADDED ENTRY--TOPICAL TERM
Topical term or geographic name as entry element लाॅ
9 (RLIN) 33717
942 ## - ADDED ENTRY ELEMENTS (KOHA)
Koha item type Hindi Books
Call number prefix 340
Source of classification or shelving scheme
Holdings
Withdrawn status Lost status Source of classification or shelving scheme Damaged status Not for loan Home library Current library Date acquired Cost, normal purchase price Total Checkouts Full call number Barcode Date last seen Uniform Resource Identifier Price effective from Koha item type
          MACL MACL 15/04/2015 35.00   340 CLH021421 29/04/2015 49398 15/04/2015 Books